International business : (Record no. 5434)

MARC details
000 -LEADER
fixed length control field 01468cam a2200205 a 4500
020 ## - INTERNATIONAL STANDARD BOOK NUMBER
ISBN 0071540067
050 00 - CALL NUMBER
Classification number HD62.4
Item number .B34
100 1# - AUTHOR
Personal name Ball, Donald A.
245 10 - TITLE
Title International business :
Remainder of title the challenge of global competition /
Statement of responsibility, etc Ball, McCulloch.
250 ## - EDITION
Edition statement 7th ed.
260 ## - PUBLICATION INFORMATION
Place of publication Boston :
Name of publisher Irwin/McGraw-Hill,
Year of publication c1999.
300 ## - DESCRIPTION
Number of Pages xxix, 673 p. :
Other physical details ill. (some col.), maps (some col.) ;
Dimensions 29 cm. +
Accompanying material 1 computer disk (3 1/2 in.)
500 ## - NOTES
General note One folded color map inserted.
505 ## - FORMATTED CONTENTS NOTE
Table of Content The rapid change of global business --<br/>Trading and investing in international business --<br/>Economic theories of international business --<br/>The dynamics of international organizations --<br/>Understanding the international monetary system --<br/>Financial forces : influencing international business --<br/>Economic and socioeconomic forces --<br/>Physical and environmental forces --<br/>Sociocultural forces --<br/>Political forces --<br/>Legal forces --<br/>Labor forces --<br/>Competitive forces --<br/>International strategy, organizational design, and control --<br/>Assessing and analyzing markets --<br/>Marketing internationally --<br/>Export and import practices --<br/>Human resource management --<br/>Financial management --<br/>Global operations management : the third industrial revolution.
650 #0 - SUBJECTS
Topical Term International business enterprises
General subdivision Management.
650 #0 - SUBJECTS
Topical Term International business enterprises.
650 #0 - SUBJECTS
Topical Term International economic relations.
700 1# - OTHER AUTHORS
Personal name McCulloch, Wendell H.
942 ## - ADDED ENTRY ELEMENTS (KOHA)
Koha item type Books
Holdings
Withdrawn status Lost status Collection code Home library Current library Shelving location Date acquired Full call number Accession Number Koha item type
    Reference Methodist University Library Main Methodist University Library Main General Stacks 25/06/2019 HD62.4 .B34 25241 Books
    Reference Methodist University Library Main Methodist University Library Main General Stacks 25/06/2019 HD62.4 .B34 25243 Books
Copyright © 2026  MUG Library